Konjunktur von morgen

Salvato in:
Dettagli Bibliografici
Natura: Periodico
Lingua:tedesco
Pubblicazione: Hamburg Institut für Wirtschaftsforschung 1993
Soggetti:
Tags: Aggiungi Tag
Nessun Tag, puoi essere il primo ad aggiungerne!!

MARC

LEADER 00000nas2a2200000 4500
001 s013810
005 20201208113716.6
022 |a 0023-3439 
041 0 |a ger 
044 |a DE 
245 1 0 |a Konjunktur von morgen 
264 1 |a Hamburg  |b Institut für Wirtschaftsforschung  |c 1993 
300 |a 1 zv. 
773 0 |w eu_un_cat*s120883 
610 2 0 |a hospodárstvo svetové 
610 2 0 |a konjunktúra